Management Information Systems : A Framework for Planning and Development /

Sparad:
Bibliografiska uppgifter
Huvudupphov: Blumenthal, Sherman C. (autor)
Materialtyp: Bok
Språk:engelska
Utgiven: Englewood Cliffs, EUA : Prentice-Hall, 1969, c1969
Ämnen:
Taggar: Lägg till en tagg
Inga taggar, Lägg till första taggen!

MARC

LEADER 00000nam^a2200000^a^4500
001 000296828
005 20250521000000.0
009 20260310112321.468
025 |a Donación Roberto Cruz Fuentes, 1 ejemplar 
037 |a Acervo Xavier Clavigero 
041 |a ING 
082 |a 658. 00285  |b BLU 
100 |a Blumenthal, Sherman C.  |e (autor) 
245 1 0 |a Management Information Systems :  |b A Framework for Planning and Development /  |c S.C. Blumenthal ; pról. de Richard E. Sprage. 
264 4 |a Englewood Cliffs, EUA :  |b Prentice-Hall,  |c 1969, c1969 
300 |a XVI, 219 p. 
336 |a texto  |b txt  |2 rdacontenido 
337 |a sin mediación  |b n  |2 rdamedio 
338 |a volumen  |b nc  |2 rdasoporte 
649 |a XX 
650 |a Información -  |x Administración 
910 |a Fondo Roberto Cruz Fuentes S.J. 
920 |a Impresos - Libros 
930 |a Fondos Especiales 
905 |a 122 
901 |a 0500182672  |b IT2  |c ESP  |i FXC DRCF  |u 20250521 
902 |a https://opac.biblio.iteso.mx/vufind/Record/000296828